000 01365nam a2200361 c 4500
001 60687
003 CO-BoRNBP
005 20260317134905.0
007 ta
008 231207s2023 ck a|||ar|||| 00||f spa d
020 _a9789583068089
040 _aCO-BoRNBP
_bspa
_erda
_cCO-BoRNBP
041 0 _aspa
084 _aN
100 _aDíaz, Gloria Cecilia
_d1951-
_eaut
_946089
245 1 0 _aEliador y el viaje de regreso /
_cGloría Cecilia Díaz ; ilustraciones de Carlos Manuel Díaz Consuegra.
250 _aEdición especial
264 1 _aBogotá, Colombia :
_bPanamericana Editorial,
_c2023
300 _a132 páginas :
_bilustraciones a color
336 _atexto
_btxt
_2rdacontent
337 _asin mediación
_bn
_2rdamedia
338 _avolumen
_bnc
_2rdacarrier
500 _aContiene un glosario al finalizar de la obra
521 _aRecomendado para un público infantil a partir de los 6 años
650 0 7 _aHistorias de aventuras
_2LEMB
_9870
650 0 7 _aMuerte en la literatura
_2lemb
_91050
650 0 7 _aNostalgia en la literatura
_2lemb
_958762
650 0 4 _aNovela infantil colombiana
_ySiglo XXI
_2LEMB
650 0 4 _aLiteratura infantil colombiana
_ySiglo XXI
_2LEMB
_9966
700 _aDíaz Consuegra, Carlos Manuel,
_d1973- ,
_eill
_92408
830 _aAutoridades personales de mujeres escritoras colombianas
_969461
942 _2loc
_cBKLITI
999 _c60687
_d60687